Statistics for Art General Knowledge

Click here to take the quiz!

General Stats

  • This quiz has been taken 22,687 times
  • The average score is 13 of 20

Answer Stats

QuestionAnswer% Correct
Who painted the ceiling of the Sistine chapel?Michelangelo
97%
... and what is that museum's most famous painting?The Mona Lisa
96%
What is the world's most-visited art museum?Musée du Louvre
95%
What artist cut off his part of his ear?Vincent Van Gogh
88%
What country was Rembrandt from?Netherlands
86%
In Botticelli's painting "The Birth of Venus", what is Venus standing on?a Scallop Shell
72%
What school of art was invented by Pablo Picasso and Georges Braque?Cubism
71%
What is the Venus de Milo missing?Her arms
66%
In what city would you find the most notable works of architect and artist Antoni Gaudí?Barcelona
65%
What school of art was Salvador Dalí a part of?Surrealism
64%
What American artist called his studio "The Factory"?Andy Warhol
63%
Grant Wood's painting "American Gothic" depicts an older man and woman.
What is the man holding?
a Pitchfork
63%
What religion is responsible for building most of the world's tallest statues?Buddhism
63%
Lascaux is a place in France that is famous for its extremely old paintings.
What type of place is Lascaux?
a Cave
56%
Who sculpted "The Thinker"?Auguste Rodin
56%
What school of art did American drip painter Jackson Pollock come from?{Abstract}
Expressionism
42%
What style of mural painting involves painting on wet plaster?Fresco
38%
What is the name for a work of art, commonly found in altarpieces, that is
composed of three panels?
Triptych
38%
What was the nickname of Greek-born painter Doménikos Theotokópoulos?El Greco
33%
What was the name of the annual exhibition by the Académie des Beaux-Arts in Paris?The Salon
12%

Score Distribution

Percentile by Number Answered

Percent of People with Each Score

Your Score History

You have not taken this quiz